000 00714nam a2200217 c 4500
005 20201023140405.0
008 120830s2018 sp |||gr|||| 00| 0 spa d
020 _a9788420608495
040 _aCO-BoUCM
_bspa
_cDeissy Garcia
_dDeissy Garcia
041 0 _aspa
100 _aKant, Immanuel
_929776
_d1724-1804
245 1 0 _aFundamentación para una metafísica de las costumbres
_cImmanuel Kant
260 _aMadrid
_bAlianza
_c2018
300 _a248 páginas
650 7 _97622
_aFilosofía alemana
650 7 _915773
_aFilosofía de la razón
650 _aMetafísica
_919397
650 _aTeoría del conocimiento
_9403
942 _cLIBRO
_2DEWEY
_a2
_e1
_h193
_mK167f
999 _c318116
_d318116